Normal view
MARC view
- Shah Fahad, Muhammad Sumran Saleem
Entry Personal Name
001 - CONTROL NUMBER
- control field: 93121
003 - CONTROL NUMBER IDENTIFIER
- control field: NUST
005 - DATE AND TIME OF LATEST TRANSACTION
- control field: 20220705200317.0
008 - FIXED-LENGTH DATA ELEMENTS
- fixed length control field: 220705|| aca||aabn | a|a d
040 ## - CATALOGING SOURCE
- Original cataloging agency: NUST
- Transcribing agency: NUST
100 ## - HEADING--PERSONAL NAME
- Personal name: Shah Fahad, Muhammad Sumran Saleem
670 ## - SOURCE DATA FOUND
- Source citation: Work cat.: (NUST)11320: Aftab Hussain 29923, Smart Grid System, 2012
